| LEADER | 00543nam a2200193Ia 4500 | ||
|---|---|---|---|
| 001 | CTU_99026 | ||
| 008 | 210402s9999 xx 000 0 und d | ||
| 082 | |a 343.52 | ||
| 082 | |b M665 | ||
| 110 | |a Ministry of Pots and Telecommunications | ||
| 245 | 0 | |a Radio Laws of Japan | |
| 245 | 0 | |c Ministry of Pots and Telecommunications | |
| 260 | |a Japan | ||
| 260 | |b Japan International Cooperation Agency | ||
| 260 | |c 1950 | ||
| 650 | |a Radio | ||
| 650 | |z Japan | ||
| 904 | |i Hiếu | ||
| 980 | |a Trung tâm Học liệu Trường Đại học Cần Thơ | ||